00757nam a22002297a 450000100040000000500170000400800410002102000170006204000230007905000220010208200120012410000230013624500630015926000350022230000250025750500080028252001460029052100200043652100190045665000320047565000200050786420230804160103.0230712b cb ||||| |||| 00| 0 eng d a0590433008 : aDLCcDLCdDLCbeng00aPZ7.G845bKo 199200a8132201 aGreenfield, Eloise10aKoya DeLaney and the good girl blues /cEloise Greenfield. aNew York :bScholastic,c1992. a124 pages : c20 cm. aR  aKoya Delaney, an eleven-year-old African-American girl, has trouble expressing anger, until her cousin, a popular male singer, comes to town. a740 bLexile  aR bRaz-Plus  1aAfrican AmericansvFiction. 1aAngervFiction.